00866cam a22002531 450000100060000000300080000600500170001400800410003103500190007203500190009104000480011004100080015808200230016610000330018924501150022225000120033726000440034930000440039350000610043750400250049865000310052365000240055471000340057824282BD-RjUL20211209001030.0140313s1949 nz abf 000 0 eng  a(BD-RjUL)24348 a(OCoLC)2183204 aDLCcNSbSUdNSbSUdOCoLCdDLCdBD-RjULbeng aeng04a572.9931bARS 19491 aArchey, Gilbert,d1890-1974.10aSouth Sea folk :bhandbook of Maori and Oceanic ethnology /c Gilbert Archey; Auckland Institute and Museum. a2d. ed. a[Auckland?] :bN. Z. Newspapers,c1949. a71 p. :billus., plates, map. ;c25 cm. aOn cover: Auckland Museum handbook of Oceanic ethnology. aBibliography: p. 71. 0aMaori (New Zealand people) 0aEthnologyzOceania.2 aAuckland Institute and Museum